Timebends a life

Bibliographic Details
Main Author: Miller, Arthur
Format: Book
Published: London : Methuen London Ltd. , 1987
Subjects:

MARC

LEADER 00000cam a2200000 7i4500
001 0000033702
005 20111014.0
020 |a 0413414809 
090 0 0 |a 809   |b MIL 
100 1 |a Miller, Arthur 
245 1 0 |a Timebends a life   |c Arthur Miller 
260 |a London :   |b Methuen London Ltd. ,   |c 1987 
300 |a 614p. ;   |c 24cm. 
600 0 0 |a Miller, Arthur   |x Biography 
650 0 0 |a Authors, American   |y 20th century   |x Biography 
999 |a 0003250   |b BUKU   |c PINJAMAN   |e PERPUSTAKAAN KOMUNITI PETALING JAYA